000 00734nam a2200229 u 4500
005 20240229063557.0
008 160608s2004 r 000 0 eng d
020 _a8423668622
035 _aUPN01000211278
049 _aI
050 4 _aPQ7798.33 R5.3
_bJ8.3
100 1 _aWright, Douglas,
_d1949-
_938966
245 1 3 _aEl juego de los disparates /
_ctexto e il. Douglas Wright.
260 _aBarcelona, Esp. :
_bEdebé,
_c2004.
300 _a[27] p. :
_bprincipalmente il. col.
440 0 _aTren azul ;
_v55.
_pPrimeros lectores
650 4 _aLiteratura infantil argentina
_97511
650 0 _aAnimales
_vCuentos y leyendas
_9234
650 7 _aLibros ilustrados para niños
_2
_921365
905 _aInfantil
999 _c183379
_d183379